| 000 | 01036cam a2200229 4500 | ||
|---|---|---|---|
| 001 | ABS61757 | ||
| 008 | 000000n2000 000 0 eng u | ||
| 035 | _a(Sirsi) u103910 | ||
| 100 | _aGillespie, M. | ||
| 245 | _aEU procurement laws: a cautionary tale | ||
| 260 | _c2000 | ||
| 490 |
_aBuilding Trade and Industry _v16(1) January 2000, 7(1) |
||
| 520 | _aDiscusses the case of "Harmon CFEM Facades (UK) Ltd v The Corporate Officer for the House of Commons" which was the first UK case concerning failure by a public body to accept the correct tender. The decision highlights the rights of contractors and obligations of public bodies when awarding works contracts under public procurement legislation. | ||
| 590 | _aABS | ||
| 650 | _aHARMON CFEM FACADES (UK) LTD V THE CORPORATE OFFICER FOR THE HOUSE OF COMMONS | ||
| 650 | _aPUBLIC PROCUREMENT | ||
| 650 | _aTENDERING PROCEDURE | ||
| 650 | _aTENDERS | ||
| 650 | _aEU PROCUREMENT | ||
| 690 | _aBUILDING AND CONSTRUCTION-PROCUREMENT, PARTNERING, TENDERING | ||
| 942 | _n0 | ||
| 999 |
_c62372 _d62372 |
||